| 000 | 00536nam a22001937a 4500 | ||
|---|---|---|---|
| 005 | 20171218143846.0 | ||
| 010 | _aENG-121897 | ||
| 020 |
_a9789383381647 _c980.00 |
||
| 035 | _aEN-105429 | ||
| 037 | _bDBAD/PUB | ||
| 082 | _a181.432 | ||
| 100 | _aTrehan, Seema | ||
| 245 |
_aHealth and healing in yoga / _cby Seema Trehan |
||
| 260 |
_aDelhi _bAadi Books _c2016 |
||
| 270 |
_a23/4, Shakti Nagar _bDelhi _e110007 |
||
| 300 |
_aviii,240p. _c22cm(Hb) |
||
| 500 | _aIncludes index | ||
| 942 |
_2ddc _cEN _h181.432 _mTRE |
||
| 999 |
_c148038 _d148038 |
||